Statistiche per Stemmi Squadre di calcio - America del Sud - Quiz n°2

Clicka qui per fare il quiz!

Statistiche generali

  • Questo quiz è stato fatto 40 volte
  • Il punteggio medio è 7 su 10

Statistiche sulle risposte

Risposta% Corretto
Club Atlético Boca Juniors
97%
Clube de Regatas do Flamengo
91%
Esporte Clube Bahia
88%
Fluminense Football Club
85%
Botafogo de Futebol e Regatas
76%
Club Atlético San Lorenzo de Almagro
76%
Club Atlético Peñarol
59%
Club Estudiantes de La Plata
56%
Corporación Deportiva Club Atlético Nacional
47%
Club Atlético Banfield
41%

Distribuzione punteggi

Percentile per numero di risposta

Percentuale di utenti per punteggio

I tuoi punteggi nel tempo

Non hai fatto questo quiz